[Event "DMP-III LIGA Senior PK 2020"]
[Site "Bystre"]
[Date "2020.07.12"]
[Round "8.4"]
[White "Wrobel, Dariusz"]
[Black "Korys, Dawid"]
[Result "1-0"]
[WhiteElo "1427"]
[BlackElo "1343"]
[Annotator "NA RC"]
[PlyCount "59"]
[EventDate "2020.07.05"]
[EventType "team-tourn"]
[EventCountry "POL"]
[SourceTitle "playchess.com"]
[Source "ChessBase"]
[SourceQuality "1"]
[TimeControl "5400+30"]

1. e4 {[%emt 0:05:33]} c5 {[%emt 0:00:00]} 2. Nf3 {[%emt 0:00:10]} Nc6 {[%emt 0:00:09]} 3. Be2 {[%emt 0:00:20]} e6 {[%emt 0:00:15]} 4. d3 {[%emt 0:00:35]} d5 {[%emt 0:00:28]} 5. exd5 {[%emt 0:00:13]} exd5 {[%emt 0:00:09]} 6. O-O {[%emt 0:00:05]} Nf6 {[%emt 0:00:03]} 7. Bg5 {[%emt 0:00:18]} Be7 {[%emt 0:00:11]} 8. Nbd2 {[%emt 0:00:17]} Be6 {[%emt 0:00:44]} 9. c3 {[%emt 0:05:23]} O-O {[%emt 0:00:20]} 10. Nb3 {[%emt 0:00:09]} b6 {[%emt 0:00:51]} 11. d4 {[%emt 0:00:15]} c4 {[%emt 0:01:40]} 12. Nbd2 {[%emt 0:00:14]} Qc7 {[%emt 0:00:42]} 13. Re1 {[%emt 0:00:20]} Rfe8 {[%emt 0:00:57]} 14. Nf1 {[%emt 0:01:11]} Ne4 {[%emt 0:00:29]} 15. Bxe7 {[%emt 0:00:17]} Rxe7 {[%emt 0:00:10]} 16. N1d2 {[%emt 0:00:45]} Nxd2 {[%emt 0:00:12]} 17. Nxd2 {[%emt 0:00:22]} Rae8 {[%emt 0:00:06]} 18. Bf3 {[%emt 0:00:50]} Qd6 {[%emt 0:01:40]} 19. Nf1 {[%emt 0:00:28]} Bf5 {[%emt 0:00:16]} 20. Rxe7 {[%emt 0:00:27]} Rxe7 {[%emt 0:00:11]} 21. Qd2 {[%emt 0:00:11]} Be4 {[%emt 0:01:02]} 22. Be2 {[%emt 0:00:46]} Nd8 {[%emt 0:01:51]} 23. Re1 {[%emt 0:00:22]} Bf5 {[%emt 0:01:01]} 24. Ng3 {[%emt 0:00:20]} Bg6 {[%emt 0:00:20]} 25. Bg4 {[%emt 0:01:36]} h6 {[%emt 0:02:58]} 26. Bf5 {[%emt 0:00:11]} Bxf5 {[%emt 0:04:00]} 27. Nxf5 {[%emt 0:00:13]} Rxe1+ {[%emt 0:00:04]} 28. Qxe1 {[%emt 0:00:31]} Qe6 {[%emt 0:00:01]} 29. Qe5 {[%emt 0:03:06]} Nc6 {[%emt 0:01:04]} 30. Qxg7# {[%emt 0:01:16]} 1-0

[Event "DMP-III LIGA Senior PK 2020"]
[Site "Bystre"]
[Date "2020.07.12"]
[Round "8.5"]
[White "Medrygal, Rafal"]
[Black "Kielb, Miroslaw"]
[Result "1/2-1/2"]
[WhiteElo "1258"]
[BlackElo "1394"]
[Annotator "NA RC"]
[PlyCount "144"]
[EventDate "2020.07.05"]
[EventType "team-tourn"]
[EventCountry "POL"]
[SourceTitle "playchess.com"]
[Source "ChessBase"]
[SourceQuality "1"]
[TimeControl "5400+30"]

1. e4 {[%emt 0:00:00]} e5 {[%emt 0:04:55]} 2. Nf3 {[%emt 0:00:00]} Nc6 {[%emt 0:00:06]} 3. Bc4 {[%emt 0:00:09]} Bc5 {[%emt 0:00:14]} 4. Nc3 {[%emt 0:01:07]} Nf6 {[%emt 0:01:09]} 5. d3 {[%emt 0:01:49]} d6 {[%emt 0:00:40]} 6. Bg5 {[%emt 0:01:42]} Be6 {[%emt 0:01:50]} 7. Bb3 {[%emt 0:01:51]} O-O {[%emt 0:03:47]} 8. Nd5 {[%emt 0:01:40]} Bxd5 {[%emt 0:00:45]} 9. Bxd5 {[%emt 0:00:15]} h6 {[%emt 0:01:16]} 10. Bh4 {[%emt 0:01:39]} g5 {[%emt 0:04:00]} 11. Bg3 {[%emt 0:01:21]} Nxd5 {[%emt 0:00:58]} 12. exd5 {[%emt 0:00:11]} Ne7 {[%emt 0:01:08]} 13. c4 {[%emt 0:01:08]} Bb4+ {[%emt 0:00:52]} 14. Nd2 {[%emt 0:00:35]} Ng6 {[%emt 0:06:44]} 15. a3 {[%emt 0:04:02]} Bxd2+ {[%emt 0:00:46]} 16. Qxd2 {[%emt 0:00:07]} f5 {[%emt 0:00:42]} 17. f3 {[%emt 0:02:17]} f4 {[%emt 0:01:39]} 18. Bf2 {[%emt 0:00:23]} c5 {[%emt 0:02:02]} 19. Qc2 {[%emt 0:01:47]} Kg7 {[%emt 0:02:14]} 20. b4 {[%emt 0:02:12]} b6 {[%emt 0:01:29]} 21. O-O {[%emt 0:05:56]} h5 {[%emt 0:02:43]} 22. bxc5 {[%emt 0:00:33]} bxc5 {[%emt 0:00:16]} 23. Rfb1 {[%emt 0:00:20]} Qc7 {[%emt 0:01:50]} 24. Rb2 {[%emt 0:03:22]} Rfb8 {[%emt 0:00:31]} 25. Rab1 {[%emt 0:00:08]} Rb6 {[%emt 0:00:59]} 26. Be1 {[%emt 0:03:01]} Qb7 {[%emt 0:02:06]} 27. Ba5 {[%emt 0:02:54]} Rxb2 {[%emt 0:00:51]} 28. Qxb2 {[%emt 0:00:28]} Qxb2 {[%emt 0:06:53]} 29. Rxb2 {[%emt 0:00:34]} Ne7 {[%emt 0:01:19]} 30. Bc7 {[%emt 0:01:31]} Nf5 {[%emt 0:00:26]} 31. Kf2 {[%emt 0:03:09]} g4 {[%emt 0:02:06]} 32. fxg4 {[%emt 0:01:33]} hxg4 {[%emt 0:00:09]} 33. Rb7 {[%emt 0:00:33]} Kf6 {[%emt 0:01:17]} 34. a4 {[%emt 0:05:16]} Rh8 {[%emt 0:01:47]} 35. Kg1 {[%emt 0:01:51]} g3 {[%emt 0:03:13]} 36. hxg3 {[%emt 0:00:58]} fxg3 {[%emt 0:00:32]} 37. Rb8 {[%emt 0:01:43]} Rxb8 {[%emt 0:01:42]} 38. Bxb8 {[%emt 0:00:07]} a6 {[%emt 0:00:07]} 39. Kf1 {[%emt 0:00:37]} Ke7 {[%emt 0:02:32]} 40. Bc7 {[%emt 0:00:49]} Ne3+ {[%emt 0:02:14]} 41. Kg1 {[%emt 0:01:40]} Nd1 {[%emt 0:00:49]} 42. Kf1 {[%emt 0:00:59]} Nb2 {[%emt 0:01:28]} 43. Ke2 {[%emt 0:00:53]} Nxa4 {[%emt 0:01:39]} 44. Ba5 {[%emt 0:00:28]} Kd7 {[%emt 0:01:59]} 45. Kd2 {[%emt 0:01:25]} Kc8 {[%emt 0:00:30]} 46. Kc2 {[%emt 0:00:13]} Kb7 {[%emt 0:00:14]} 47. Be1 {[%emt 0:00:30]} Nb6 {[%emt 0:01:37]} 48. Bxg3 {[%emt 0:00:25]} a5 {[%emt 0:01:12]} 49. Be1 {[%emt 0:00:40]} Ka6 {[%emt 0:01:55]} 50. g4 {[%emt 0:04:16]} Nd7 {[%emt 0:01:31]} 51. Kb3 {[%emt 0:01:29]} Nf8 {[%emt 0:02:59]} 52. Ka4 {[%emt 0:01:27]} Ng6 {[%emt 0:00:37]} 53. Bxa5 {[%emt 0:01:06]} Nf4 {[%emt 0:01:10]} 54. g5 {[%emt 0:03:20]} Kb7 {[%emt 0:04:11]} 55. Kb3 {[%emt 0:01:34]} Kc8 {[%emt 0:00:47]} 56. Kc2 {[%emt 0:01:27]} Kd7 {[%emt 0:00:46]} 57. Kd2 {[%emt 0:01:11]} Ke7 {[%emt 0:00:39]} 58. Ke3 {[%emt 0:03:03]} Ng6 {[%emt 0:04:44]} 59. Ke4 {[%emt 0:00:52]} Nf4 {[%emt 0:00:12]} 60. Kf5 {[%emt 0:00:40]} Nxd3 {[%emt 0:00:14]} 61. g6 {[%emt 0:01:08]} Nb2 {[%emt 0:00:51]} 62. Bd8+ {[%emt 0:01:31]} Kf8 {[%emt 0:00:53]} 63. Ke6 {[%emt 0:02:52]} Nxc4 {[%emt 0:00:26]} 64. Be7+ {[%emt 0:00:44]} Kg7 {[%emt 0:00:24]} 65. Bxd6 {[%emt 0:00:09]} Kxg6 {[%emt 0:05:08]} 66. Bxe5 {[%emt 0:01:47]} Nxe5 {[%emt 0:00:34]} 67. Kxe5 {[%emt 0:00:06]} c4 {[%emt 0:01:11]} 68. Kd4 {[%emt 0:00:10]} Kf6 {[%emt 0:00:44]} 69. Kxc4 {[%emt 0:00:11]} Ke7 {[%emt 0:00:21]} 70. Kc5 {[%emt 0:00:53]} Kd7 {[%emt 0:00:27]} 71. d6 {[%emt 0:00:58]} Kd8 {[%emt 0:00:18]} 72. Kc6 {[%emt 0:01:22]} Kc8 {[%emt 0:00:07]} 1/2-1/2

[Event "DMP-III LIGA Senior PK 2020"]
[Site "Bystre"]
[Date "2020.07.12"]
[Round "8.6"]
[White "Wolak, Julia"]
[Black "Trybowska, Anna"]
[Result "1/2-1/2"]
[WhiteElo "1516"]
[BlackElo "1583"]
[Annotator "NA RC"]
[PlyCount "75"]
[EventDate "2020.07.05"]
[EventType "team-tourn"]
[EventCountry "POL"]
[SourceTitle "playchess.com"]
[Source "ChessBase"]
[SourceQuality "1"]
[TimeControl "5400+30"]

1. e4 {[%emt 0:05:18]} e6 {[%emt 0:00:00]} 2. d4 {[%emt 0:00:36]} d5 {[%emt 0:00:00]} 3. Nc3 {[%emt 0:00:46]} Bb4 {[%emt 0:02:37]} 4. Qg4 {[%emt 0:01:16]} Nf6 {[%emt 0:02:29]} 5. Qxg7 {[%emt 0:01:21]} Rg8 {[%emt 0:00:06]} 6. Qh6 {[%emt 0:00:18]} Rg6 {[%emt 0:02:18]} 7. Qe3 {[%emt 0:02:02]} Nxe4 {[%emt 0:01:08]} 8. Nf3 {[%emt 0:01:59]} c5 {[%emt 0:10:48]} 9. Bd2 {[%emt 0:03:54]} Nxd2 {[%emt 0:06:27]} 10. Qxd2 {[%emt 0:02:01]} Rg4 {[%emt 0:04:43]} 11. a3 {[%emt 0:05:31]} Qa5 {[%emt 0:05:33]} 12. Rd1 {[%emt 0:06:00]} Bxc3 {[%emt 0:01:11]} 13. Qxc3 {[%emt 0:00:14]} Qxc3+ {[%emt 0:00:32]} 14. bxc3 {[%emt 0:00:03]} c4 {[%emt 0:00:45]} 15. Ne5 {[%emt 0:01:22]} Rg8 {[%emt 0:00:38]} 16. Be2 {[%emt 0:05:49]} f6 {[%emt 0:04:53]} 17. Ng4 {[%emt 0:00:34]} Ke7 {[%emt 0:00:27]} 18. f4 {[%emt 0:00:33]} Na6 {[%emt 0:02:08]} 19. Bf3 {[%emt 0:01:14]} Nc7 {[%emt 0:00:35]} 20. Kf2 {[%emt 0:01:12]} Nb5 {[%emt 0:00:52]} 21. f5 {[%emt 0:01:41]} h5 {[%emt 0:02:53]} 22. Ne3 {[%emt 0:01:09]} Nxc3 {[%emt 0:01:07]} 23. Rd2 {[%emt 0:01:31]} Kd6 {[%emt 0:02:13]} 24. fxe6 {[%emt 0:00:52]} Bxe6 {[%emt 0:00:09]} 25. Re1 {[%emt 0:01:59]} f5 {[%emt 0:03:13]} 26. Kf1 {[%emt 0:03:28]} Ne4 {[%emt 0:00:45]} 27. Rde2 {[%emt 0:02:15]} h4 {[%emt 0:01:40]} 28. Bxe4 {[%emt 0:00:54]} fxe4 {[%emt 0:02:36]} 29. c3 {[%emt 0:00:50]} Raf8+ {[%emt 0:00:20]} 30. Rf2 {[%emt 0:00:45]} h3 {[%emt 0:01:22]} 31. g3 {[%emt 0:00:37]} Rxf2+ {[%emt 0:00:22]} 32. Kxf2 {[%emt 0:00:07]} Rf8+ {[%emt 0:00:05]} 33. Ke2 {[%emt 0:00:29]} Ke7 {[%emt 0:06:17]} 34. Rb1 {[%emt 0:01:22]} b6 {[%emt 0:00:47]} 35. Rb5 {[%emt 0:00:39]} Rd8 {[%emt 0:01:38]} 36. Rb1 {[%emt 0:00:35]} Kf6 {[%emt 0:01:25]} 37. Rf1+ {[%emt 0:00:43]} Kg5 {[%emt 0:00:42]} 38. Rf4 {[%emt 0:00:33]} 1/2-1/2

[Event "DMP-III LIGA Senior PK 2020"]
[Site "Bystre"]
[Date "2020.07.12"]
[Round "8.7"]
[White "Lorenc, Marian"]
[Black "Lach, Dariusz"]
[Result "1-0"]
[WhiteElo "2124"]
[BlackElo "1748"]
[Annotator "TA"]
[PlyCount "31"]
[EventDate "2020.07.05"]
[EventType "team-tourn"]
[EventCountry "POL"]
[SourceTitle "playchess.com"]
[Source "ChessBase"]
[SourceQuality "1"]

{[%evp 10,31,46,44,89,49,57,37,45,23,69,50,91,95,129,123,129,107,87,75,102,90,258,256]} 1. e4 e6 2. d4 d5 3. Nc3 dxe4 4. Nxe4 Be7 5. Nf3 Nf6 6. Bd3 h6 {C10: French with 3 Nc3: Unusual Black 3rd moves and 3...dxe4.} 7. Qe2 Nbd7 8. Bd2 Nxe4 {White is slightly better.} 9. Qxe4 Nf6 10. Qe2 c6 11. O-O-O Bd7 12. Ne5 Qc7 13. f4 Rf8 14. Rhe1 O-O-O 15. f5 {[#] Hoping for Nxf7!} exf5 $146 {[#]} (15... Bd6 $16) ({Predecessor:} 15... Bd6 16. Nxf7 Rde8 17. Nxd6+ Qxd6 18. Qe5 Qxe5 19. dxe5 Nd5 20. c4 Nb6 21. f6 gxf6 22. Bxh6 Rf7 {1-0 (34) Lettieri,G (2265)-Sengupta,D (2400) Istanbul 2005}) 16. Nxd7 {[%mdl 64] Discovered Attack. Accuracy: White = 88%, Black = 48%.} 1-0

[Event "DMP-III LIGA Senior PK 2020"]
[Site "Bystre"]
[Date "2020.07.12"]
[Round "8.8"]
[White "Lach, Ireneusz"]
[Black "Marciniak, Leonard"]
[Result "1/2-1/2"]
[WhiteElo "1897"]
[BlackElo "1672"]
[Annotator "NA RC"]
[PlyCount "49"]
[EventDate "2020.07.05"]
[EventType "team-tourn"]
[EventCountry "POL"]
[SourceTitle "playchess.com"]
[Source "ChessBase"]
[SourceQuality "1"]
[TimeControl "5400+30"]

1. e4 {[%emt 0:00:00]} c5 {[%emt 0:00:00]} 2. Nf3 {[%emt 0:00:00]} d6 {[%emt 0:00:00]} 3. d4 {[%emt 0:00:00]} Nf6 {[%emt 0:00:00]} 4. Nc3 {[%emt 0:00:00]} cxd4 {[%emt 0:00:00]} 5. Nxd4 {[%emt 0:00:00]} a6 {[%emt 0:00:07]} 6. Be2 {[%emt 0:02:09]} e5 {[%emt 0:00:32]} 7. Nb3 {[%emt 0:06:55]} Be7 {[%emt 0:00:40]} 8. O-O {[%emt 0:01:46]} Be6 {[%emt 0:02:02]} 9. Kh1 {[%emt 0:01:53]} d5 {[%emt 0:01:07]} 10. exd5 {[%emt 0:00:44]} Nxd5 {[%emt 0:00:06]} 11. Nxd5 {[%emt 0:07:35]} Qxd5 {[%emt 0:01:17]} 12. Be3 {[%emt 0:09:17]} Nc6 {[%emt 0:00:19]} 13. c3 {[%emt 0:02:05]} Qxd1 {[%emt 0:05:52]} 14. Rfxd1 {[%emt 0:00:35]} Rd8 {[%emt 0:00:57]} 15. Nc5 {[%emt 0:04:23]} Bxc5 {[%emt 0:01:32]} 16. Bxc5 {[%emt 0:03:40]} f6 {[%emt 0:02:35]} 17. a3 {[%emt 0:05:11]} Kf7 {[%emt 0:02:41]} 18. Bb6 {[%emt 0:02:55]} Rc8 {[%emt 0:03:04]} 19. h3 {[%emt 0:06:18]} f5 {[%emt 0:01:23]} 20. Rd6 {[%emt 0:05:44]} e4 {[%emt 0:01:23]} 21. f3 {[%emt 0:00:54]} Ne5 {[%emt 0:02:44]} 22. fxe4 {[%emt 0:00:42]} fxe4 {[%emt 0:00:17]} 23. Rad1 {[%emt 0:18:32]} Nc4 {[%emt 0:08:23]} 24. Bxc4 {[%emt 0:06:14]} Rxc4 {[%emt 0:00:06]} 25. Kg1 {[%emt 0:00:17]} 1/2-1/2

[Event "DMP-III LIGA Senior PK 2020"]
[Site "Bystre"]
[Date "2020.07.12"]
[Round "8.9"]
[White "Klok, Kacper"]
[Black "Janzer, Hubert"]
[Result "1/2-1/2"]
[WhiteElo "1463"]
[BlackElo "1893"]
[Annotator "NA RC"]
[PlyCount "57"]
[EventDate "2020.07.05"]
[EventType "team-tourn"]
[EventCountry "POL"]
[SourceTitle "playchess.com"]
[Source "ChessBase"]
[SourceQuality "1"]
[TimeControl "5400+30"]

1. d4 {[%emt 0:00:01]} Nf6 {[%emt 0:00:00]} 2. c4 {[%emt 0:01:12]} c5 {[%emt 0:00:00]} 3. d5 {[%emt 0:07:00]} b5 {[%emt 0:00:14]} 4. e3 {[%emt 0:00:33]} g6 {[%emt 0:01:34]} 5. Nf3 {[%emt 0:00:08]} Bg7 {[%emt 0:00:15]} 6. Be2 {[%emt 0:06:26]} O-O {[%emt 0:01:30]} 7. O-O {[%emt 0:00:07]} d6 {[%emt 0:00:30]} 8. cxb5 {[%emt 0:21:30]} a6 {[%emt 0:01:36]} 9. Nc3 {[%emt 0:02:02]} axb5 {[%emt 0:00:33]} 10. Bxb5 {[%emt 0:05:06]} Ba6 {[%emt 0:00:05]} 11. Bxa6 {[%emt 0:00:36]} Nxa6 {[%emt 0:01:32]} 12. e4 {[%emt 0:00:35]} Qa5 {[%emt 0:00:50]} 13. Re1 {[%emt 0:09:48]} Nd7 {[%emt 0:01:45]} 14. Bg5 {[%emt 0:06:26]} Rfb8 {[%emt 0:04:50]} 15. Rb1 {[%emt 0:03:48]} Rxb2 {[%emt 0:01:00]} 16. Rxb2 {[%emt 0:00:14]} Bxc3 {[%emt 0:00:05]} 17. Rb7 {[%emt 0:00:06]} Bxe1 {[%emt 0:00:36]} 18. Rxd7 {[%emt 0:00:51]} Bc3 {[%emt 0:00:56]} 19. Bxe7 {[%emt 0:00:05]} Re8 {[%emt 0:04:13]} 20. Qb3 {[%emt 0:08:03]} c4 {[%emt 0:02:06]} 21. Qxc4 {[%emt 0:03:12]} Nc5 {[%emt 0:02:40]} 22. Rd8 {[%emt 0:00:29]} Rxd8 {[%emt 0:01:06]} 23. Bxd8 {[%emt 0:00:08]} Qxd8 {[%emt 0:02:18]} 24. Qxc3 {[%emt 0:00:17]} Nxe4 {[%emt 0:00:06]} 25. Qc4 {[%emt 0:05:45]} f5 {[%emt 0:00:17]} 26. Nd4 {[%emt 0:00:20]} Qb6 {[%emt 0:01:14]} 27. Qc8+ {[%emt 0:02:24]} Kf7 {[%emt 0:02:36]} 28. Qd7+ {[%emt 0:00:13]} Kf6 {[%emt 0:00:50]} 29. Qe6+ {[%emt 0:00:09]} 1/2-1/2

[Event "DMP-III LIGA Senior PK 2020"]
[Site "Bystre"]
[Date "2020.07.12"]
[Round "8.11"]
[White "Karas, Kacper"]
[Black "Lach, Mateusz"]
[Result "0-1"]
[WhiteElo "1150"]
[BlackElo "1674"]
[Annotator "NA RC"]
[PlyCount "142"]
[EventDate "2020.07.05"]
[EventType "team-tourn"]
[EventCountry "POL"]
[SourceTitle "playchess.com"]
[Source "ChessBase"]
[SourceQuality "1"]
[TimeControl "5400+30"]

1. c4 {[%emt 0:00:00]} e6 {[%emt 0:00:00]} 2. d4 {[%emt 0:00:53]} f5 {[%emt 0:00:00]} 3. Nc3 {[%emt 0:02:06]} Nf6 {[%emt 0:02:31]} 4. Nf3 {[%emt 0:01:26]} Be7 {[%emt 0:00:22]} 5. Bd2 {[%emt 0:02:16]} O-O {[%emt 0:00:18]} 6. e3 {[%emt 0:00:05]} b6 {[%emt 0:01:34]} 7. Be2 {[%emt 0:10:14]} Bb7 {[%emt 0:00:07]} 8. Qc2 {[%emt 0:00:08]} d5 {[%emt 0:01:40]} 9. Rg1 {[%emt 0:06:04]} c5 {[%emt 0:01:08]} 10. Ne5 {[%emt 0:05:27]} Nbd7 {[%emt 0:01:08]} 11. Nxd7 {[%emt 0:00:55]} Qxd7 {[%emt 0:00:14]} 12. dxc5 {[%emt 0:01:17]} Bxc5 {[%emt 0:00:32]} 13. cxd5 {[%emt 0:12:10]} Nxd5 {[%emt 0:01:51]} 14. Nxd5 {[%emt 0:01:42]} Bxd5 {[%emt 0:00:29]} 15. g4 {[%emt 0:16:15]} Rac8 {[%emt 0:04:30]} 16. Qd3 {[%emt 0:05:33]} Qf7 {[%emt 0:05:58]} 17. gxf5 {[%emt 0:01:11]} exf5 {[%emt 0:01:52]} 18. Bc3 {[%emt 0:02:01]} Be4 {[%emt 0:19:01]} 19. Qc4 {[%emt 0:00:10]} g6 {[%emt 0:02:06]} 20. Qxf7+ {[%emt 0:07:33]} Kxf7 {[%emt 0:05:19]} 21. h4 {[%emt 0:11:19]} h6 {[%emt 0:01:28]} 22. Bc4+ {[%emt 0:03:47]} Ke7 {[%emt 0:00:17]} 23. Rxg6 {[%emt 0:00:15]} Rc6 {[%emt 0:05:45]} 24. Rg7+ {[%emt 0:01:54]} Kd8 {[%emt 0:02:52]} 25. Rxa7 {[%emt 0:02:11]} Bf3 {[%emt 0:07:33]} 26. Ra8+ {[%emt 0:01:00]} Ke7 {[%emt 0:07:15]} 27. Rxf8 {[%emt 0:00:15]} Kxf8 {[%emt 0:00:08]} 28. Be2 {[%emt 0:00:06]} Rg6 {[%emt 0:03:55]} 29. Kf1 {[%emt 0:00:25]} Bg2+ {[%emt 0:01:46]} 30. Ke1 {[%emt 0:00:18]} Be4 {[%emt 0:01:02]} 31. Rd1 {[%emt 0:03:40]} Rg1+ {[%emt 0:00:38]} 32. Kd2 {[%emt 0:00:13]} Rg2 {[%emt 0:00:14]} 33. Ke1 {[%emt 0:00:45]} Rg1+ {[%emt 0:00:05]} 34. Kd2 {[%emt 0:00:03]} Rg2 {[%emt 0:00:11]} 35. Ke1 {[%emt 0:03:18]} f4 {[%emt 0:18:03]} 36. b4 {[%emt 0:00:22]} Be7 {[%emt 0:03:05]} 37. f3 {[%emt 0:00:38]} Bxh4+ {[%emt 0:00:44]} 38. Kf1 {[%emt 0:00:01]} Rf2+ {[%emt 0:00:14]} 39. Kg1 {[%emt 0:00:28]} Bxf3 {[%emt 0:01:03]} 40. Bxf3 {[%emt 0:00:28]} Rxf3 {[%emt 0:00:01]} 41. Rf1 {[%emt 0:00:57]} Rg3+ {[%emt 0:00:15]} 42. Kh1 {[%emt 0:00:26]} f3 {[%emt 0:00:01]} 43. Kh2 {[%emt 0:00:43]} Ke7 {[%emt 0:01:48]} 44. Be5 {[%emt 0:00:17]} Rg2+ {[%emt 0:00:01]} 45. Kh3 {[%emt 0:00:26]} Rf2 {[%emt 0:00:00]} 46. Rxf2 {[%emt 0:00:44]} Bxf2 {[%emt 0:00:02]} 47. Kg4 {[%emt 0:00:03]} Bxe3 {[%emt 0:00:44]} 48. Kxf3 {[%emt 0:00:13]} Bd2 {[%emt 0:00:24]} 49. Bg7 {[%emt 0:01:13]} b5 {[%emt 0:00:09]} 50. Ke2 {[%emt 0:00:10]} Bg5 {[%emt 0:00:17]} 51. Bd4 {[%emt 0:00:51]} Kd6 {[%emt 0:00:13]} 52. Kf3 {[%emt 0:00:31]} Kd5 {[%emt 0:00:01]} 53. Bc5 {[%emt 0:00:12]} Kc4 {[%emt 0:00:00]} 54. Kg4 {[%emt 0:00:20]} Kc3 {[%emt 0:00:30]} 55. Kh5 {[%emt 0:00:58]} Kb2 {[%emt 0:00:47]} 56. Bf8 {[%emt 0:00:31]} Kxa2 {[%emt 0:00:10]} 57. Kg4 {[%emt 0:00:14]} Kb3 {[%emt 0:00:04]} 58. Kf3 {[%emt 0:00:07]} Bd2 {[%emt 0:00:07]} 59. Ke2 {[%emt 0:00:50]} Bg5 {[%emt 0:00:18]} 60. Kf3 {[%emt 0:00:34]} h5 {[%emt 0:00:15]} 61. Ke2 {[%emt 0:00:24]} Bf6 {[%emt 0:00:56]} 62. Kf2 {[%emt 0:00:51]} Bc3 {[%emt 0:00:35]} 63. Kg3 {[%emt 0:00:27]} Bxb4 {[%emt 0:00:15]} 64. Bg7 {[%emt 0:00:05]} Be1+ {[%emt 0:00:37]} 65. Kf4 {[%emt 0:00:50]} Kc4 {[%emt 0:00:28]} 66. Kg5 {[%emt 0:00:18]} h4 {[%emt 0:00:06]} 67. Kg4 {[%emt 0:00:11]} b4 {[%emt 0:00:07]} 68. Kf3 {[%emt 0:01:01]} Bc3 {[%emt 0:00:30]} 69. Bh6 {[%emt 0:00:19]} Kd3 {[%emt 0:00:19]} 70. Bc1 {[%emt 0:00:37]} Kc2 {[%emt 0:00:01]} 71. Be3 {[%emt 0:00:42]} b3 {[%emt 0:00:12]} 0-1

[Event "DMP-III LIGA Senior PK 2020"]
[Site "Bystre"]
[Date "2020.07.12"]
[Round "8.12"]
[White "Wladyka, Angelika"]
[Black "Uliasz, Katarzyna"]
[Result "0-1"]
[WhiteElo "1601"]
[BlackElo "1386"]
[Annotator "NA RC"]
[PlyCount "98"]
[EventDate "2020.07.05"]
[EventType "team-tourn"]
[EventCountry "POL"]
[SourceTitle "playchess.com"]
[Source "ChessBase"]
[SourceQuality "1"]
[TimeControl "5400+30"]

1. e4 c5 2. c3 d5 3. exd5 Qxd5 4. d4 Nc6 5. Nf3 e6 6. Be2 Nf6 7. O-O h6 8. dxc5 Bxc5 9. Qxd5 exd5 10. Nbd2 O-O 11. Nb3 Bb6 12. Bf4 Ne4 13. Rad1 Re8 14. Bd3 Bg4 15. h3 Bxf3 16. gxf3 Nf6 17. Rfe1 a6 18. Kf1 Red8 19. Be3 Bxe3 20. fxe3 Ne5 21. Kf2 Kf8 22. Nd4 g6 23. Rd2 Ke7 24. Red1 Rac8 25. Bf1 Ke8 26. Nc2 Ke7 27. Nb4 Nc4 28. Bxc4 dxc4 29. Nd5+ Nxd5 30. Rxd5 Rxd5 31. Rxd5 Ke6 32. Rd4 b5 33. e4 Rc6 34. Ke3 g5 35. Rd5 Rd6 36. Rxd6+ Kxd6 37. Kd4 f6 38. b3 cxb3 39. axb3 a5 40. c4 bxc4 41. Kxc4 Kc6 42. Kd4 Kb5 43. Kd5 Kb4 44. Ke6 Kxb3 45. Kxf6 a4 46. e5 a3 47. e6 a2 48. e7 a1=Q+ 49. Kf7 Qa7 0-1

[Event "DMP-III LIGA Senior PK 2020"]
[Site "Bystre"]
[Date "2020.07.12"]
[Round "8.13"]
[White "Marut, Leszek"]
[Black "Kopacz, Lukasz"]
[Result "1/2-1/2"]
[WhiteElo "1863"]
[BlackElo "1913"]
[Annotator "TA"]
[PlyCount "35"]
[EventDate "2020.07.05"]
[EventType "team-tourn"]
[EventCountry "POL"]
[SourceTitle "playchess.com"]
[Source "ChessBase"]
[SourceQuality "1"]

{[%evp 17,35,51,86,64,74,51,58,62,74,36,67,70,276,261,269,260,295,268,269,281]} 1. d4 c5 2. e3 Nf6 3. Nf3 g6 4. Be2 Bg7 5. O-O b6 6. c4 O-O 7. Nc3 Bb7 8. d5 d6 9. e4 Nbd7 10. h3 {E61: King's Indian: Early deviations for White, including Smyslov System.} a6 11. Be3 Qc7 12. Qd2 {White is slightly better.} Rfe8 13. Bh6 Bh8 14. Ng5 {[#]} e5 $146 {[#]} ({Better is} 14... Bg7 $14 15. Nf3 e6) ({Predecessor:} 14... Rad8 15. Rad1 b5 16. cxb5 c4 17. bxa6 Bxa6 18. b4 Rb8 19. Rb1 Ne5 20. b5 Bc8 {1-0 (37) Vlahov,D (2239)-Horvat,D (2176) Bol 2013}) 15. dxe6 $1 $18 {White has a decisive advantage.} fxe6 16. Rad1 d5 17. exd5 exd5 18. cxd5 {[%mdl 32768] Black got outplayed after the opening. Accuracy: White = 85%, Black = 44%. . An unexpected result.} 1/2-1/2